000 03140njm0a2200421 4500
001 RU\NLR\ONIZ\197862
005 20250708192228.0
035 _a(NLR Aleph) 010405398
071 0 0 _aRDCD 00886
090 _a13282333
_c13282333
100 _a20140221d2012 |||y0rusy50 ca
102 _aRU
126 _aaguxjxu ux
_bxxx
127 _a000064
135 _ahonoannnanndn
200 1 _a[Дирижирует] Евгений Светланов
_bЗвукозапись
_fисполн.: Государственный академический симфонический оркестр
210 _aМосква
_cФонд Евгения Светланова
_d2012
215 _a1 зв. диск (64 мин), в футл.
_eприл. (10 с.)
225 1 _aАнтология рус. симф. музыки
300 _aЗаписи 1985, 1987 гг
327 1 _a1-2. Сюита № 1 : ре мин. : соч. 43 : (1878-1879) ;
_aВоевода : симфоническая баллада по А. Мицкевичу (фрагменты) : соч. 78 : (1891) / П. И. Чайковский
464 0 _12001#$aСюита № 1$eре мин.$eсоч. 43$e(1878-1879)
_16061#$aСюиты для симфонического оркестра$xЗвукозапись$yРоссия$z19 век$2nlr_sh
_1686##$aЩ951.1-043(28)$vLBC/SL$2rubbk
_1701#1$9z01790$aЧайковский$bП. И.$gПетр Ильич$f1840-1893$4230$7ca
_1790#1$9z01701$aČajkovskij$bP. I.$gPetr Il`ič$f1840-1893$4230$7ba
_tСюита № 1
464 0 _12001#$aВоевода$eсимфоническая баллада по А. Мицкевичу (фрагменты)$eсоч. 78$e(1891)
_1604##$1700#1$aМицкевич$gАдам$bА.$f1798-1855$150010$aВоевода$xЗвукозапись$xмузыкальные интерпретации$2nlr_sh
_16061#$aСимфонические баллады$xЗвукозапись$yРоссия$z19 век$2nlr_sh
_1686##$aЩ951.1-051(28)$vLBC/SL$2rubbk
_1701#1$9z01790$aЧайковский$bП. И.$gПетр Ильич$f1840-1893$4230$7ca
_1702#1$9z02790$aМицкевич$bА.$gАдам$f1798-1855$4520$7ca
_1790#1$9z01701$aČajkovskij$bP. I.$gPetr Il`ič$f1840-1893$4230$7ba
_1790#1$9z02702$aMickiewicz$bA. B.$gAdam Bernard$f1798-1855$4520$7ba
_tВоевода
606 1 _aСимфоническая музыка русская
_xЗвукозапись
_yРоссия
_z19 век
_2nlr_sh
606 1 _aИсполнительское искусство дирижеры
_xЗвукозапись
_yРоссия
_z20 век
_2nlr_sh
686 _aЩ951.1, 8(2)
_vLBC/SL
_2rubbk
700 1 _9z03790
_aСветланов
_bЕ. Ф.
_f1928-2002
_gЕвгений Федорович
_4250
_7ca
712 0 2 _aГосударственный академический симфонический оркестр
_4590
_7ca
790 1 _9z03700
_aSvetlanov
_bE.
_f1928-2002
_gEvgenij
_4250
_7ba
801 0 _aRU
_bNLR
_c20140221
_gPSBO
801 1 _aRU
_bNLR
_c20140221
_2rusmarc
801 2 _aRU
_bNLR
_c20210103
852 _aNLR
_bМг
_jД/1881
_p3877
_t1
942 _cREC
980 _aNB
980 _aONIZ